| 000 | 00433nam a2200181Ia 4500 | ||
|---|---|---|---|
| 005 | 20240823005716.0 | ||
| 008 | 240823s9999||||xx |||||||||||||| ||und|| | ||
| 041 | _aENGLISH | ||
| 082 | _A004.03 N8 | ||
| 100 | _aWebster | ||
| 245 | 0 | _aWebster s Pocket Computer Dictionary | |
| 250 | _a1st | ||
| 260 |
_c1998 _b"Trident,USA" |
||
| 500 | _aTransfered | ||
| 650 |
_aDictionary _bComputer Science |
||
| 942 | _cBK | ||
| 999 |
_c156499 _d156499 |
||